Acció del govern de Catalunya : 1988 / Generalitat de Catalunya 1988 / Generalitat de Catalunya
Descripción Física:
345 p. : il. , col. ; 31 cm
Materias:
Catalunya -- Política i govern
MARC
| LEADER | 00000nam a2200000Ia 4500 | ||
|---|---|---|---|
| 001 | 9103 | ||
| 008 | 160829s1990 xx 000 0 cat d | ||
| 080 | |a FOL-1-89 | ||
| 110 | |a Catalunya. |b Departament de la Presidència |9 10777 | ||
| 245 | |a Acció del govern de Catalunya : |b 1988 / Generalitat de Catalunya | ||
| 260 | |a Barcelona : |b Generalitat de Catalunya. Departament de la Presidència, |c 1990 | ||
| 300 | |a 345 p. : |b il. , col. ; |c 31 cm | ||
| 651 | 0 | |a Catalunya |x Política i govern |9 53682 | |
| 901 | |a Arxiu | ||
| 942 | |n 1 | ||
| 952 | |0 0 |1 0 |4 0 |6 FOL189 |7 1 |9 42574 |a Arxiu |b Arxiu |d 2016-12-01 |l 0 |o FOL-1-89 |p 9103 |r 2016-12-01 00:00:00 |w 2016-12-01 |y ARXIU | ||
| 999 | |c 45079 |d 45079 | ||